| 000 | 00760nam a22002177a 4500 | ||
|---|---|---|---|
| 999 |
_c18344 _d18344 |
||
| 003 | AR-CdUCM | ||
| 008 | 190511b ||||| |||| 00| 0 spa d | ||
| 040 |
_aMUNICIPALIDAD PROVINCIAL DEL CUSCO _cBIBLIOTECA MUNICIPAL DEL CUSCO |
||
| 082 |
_a160 / _bR84 _22ed. |
||
| 100 |
_aRosales Papa, Diogenes _938864 |
||
| 245 | _aIntroducción a la lógica / | ||
| 260 |
_aLima : _bAmaru, _c1988. |
||
| 300 |
_a288 páginas ; _c21 cm. |
||
| 505 | _aContenido : Lógica proposicional -- Símbolos, formulas y expresiones no proposicionales -- Las tablas de valores ... | ||
| 650 |
_aLógica _92358 |
||
| 650 |
_aFormal _920566 |
||
| 650 |
_aProposiciones _926867 |
||
| 700 |
_aGortay, Eli de (Traducción) _938320 |
||
| 942 |
_2ddc _cLIBROS |
||
| 945 |
_arah _d2019/05/13 |
||